书目信息 |
| 题名: |
贫血防治70问
|
|
| 作者: | 闫影 | |
| 分册: | ||
| 出版信息: | 北京 金盾出版社 1992.11 |
|
| 页数: | 74页 | |
| 开本: | 32开 | |
| 丛书名: | ||
| 单 册: | ||
| 中图分类: | R556-44 | |
| 科图分类: | ||
| 主题词: | 血液病 , 淋巴疾病 | |
| 电子资源: | ||
| ISBN: | 7-80022-527-5 | |
| 000 | 00527nam0 2200193 45 | |
| 001 | 9911301546 | |
| 005 | 19991130153553.2 | |
| 010 | @a7-80022-527-5@d1.50 | |
| 100 | @a19991130d1992 km y0chiy0120 ea | |
| 101 | @achi | |
| 105 | @a z 000yy | |
| 200 | 1 | @a贫血防治70问@APin Xue Fang Zhi 70 Wen@f闫影@FYan Ying |
| 210 | @a北京@c金盾出版社@d1992.11 | |
| 215 | @a74页@c无图表@d32开 | |
| 606 | 0 | @a血液病 |
| 606 | 0 | @a淋巴疾病 |
| 690 | @aR556-44@v3 | |
| 801 | @aCN@bPerfectUser@c19991130 | |
| 905 | @aBZT@b44363-367@f5@dR556-44@e2 | |
| 贫血防治70问/闫影.-北京:金盾出版社,1992.11 |
| 74页:无图表;32开 |
| ISBN 7-80022-527-5:1.50 |
| ● |
| 相关链接 |
|
|
|
正题名:贫血防治70问
索取号:R556-44/2
 
预约/预借
| 序号 | 登录号 | 条形码 | 馆藏地/架位号 | 状态 | 备注 |
| 1 | 44363 | 200612355 | 中心书库中库/ 中库009架B面6列5层56/ [索取号:R556-44/2] | 在馆 | |
| 2 | 44364 | 200612364 | 中心书库中库/ 中库009架B面6列5层57/ [索取号:R556-44/2] | 在馆 | |
| 3 | 44365 | 200612373 | 中心书库中库/ 中库009架B面6列5层65/ [索取号:R556-44/2] | 在馆 | |
| 4 | 44366 | 200612382 | 中心书库中库/ 中库009架B面6列5层59/ [索取号:R556-44/2] | 在馆 | |
| 5 | 44367 | 200374004 | 中心书库中库/ 中库009架B面6列5层58/ [索取号:R556-44/2] | 在馆 |